Flagi Oceanii - Statystyki

Ogólne statystyki
  • Ten quiz został rozwiązany 317 razy
  • Średni wynik to 12 z 14
Statystyki odpowiedzi
Obrazkowy Odpowiedź % Poprawnych
Nowa Zelandia
100%
Australia
98%
Fidżi
89%
Papua Nowa-Gwinea
89%
Mikronezja
86%
Wyspy Marshalla
84%
Palau
83%
Kiribati
81%
Nauru
81%
Tonga
80%
Wyspy Salomona
78%
Tuvalu
76%
Samoa
75%
Vanuatu
75%
Nie znaleziono quizów pasujących do podanych kryteriów
Rozkład punktacji
Procent ludzi z każdym wynikiem
Percentyl według liczby udzielonych odpowiedzi
Twoja historia wyników
Nie rozwiązałeś tego quizu